| 000 | 00611nam a22001577a 4500 | ||
|---|---|---|---|
| 008 | 160528b xxu||||| |||| 00| 0 eng d | ||
| 082 |
_22005 _aUT 0015 _bEl21 |
||
| 100 |
_99520 _aElagonde, Januar A. |
||
| 245 |
_aStudents and teachers attitudes towards their extracurricular involvement/ _cJanuar A. Elatagonde, Phoebe Grace T. Mendez and Phoebe Grace t. Galaura. |
||
| 260 |
_aDigos City: _bUMDC _cFebruary 2005. |
||
| 300 |
_a40 pages; _c28 cm. |
||
| 650 | 0 |
_99519 _aEducation _vEnglish _xUndergraduate thesis. |
|
| 700 |
_99517 _aMendez, Mechelle L. |
||
| 700 |
_99518 _aCalaura, Phoebe Grace T. |
||
| 942 |
_2ddc _cUT |
||
| 999 |
_c2861 _d2861 |
||